000
00338cam a2200145ua 4500
041
_a
mal
_h
082
_a
894.8121
_b
RAM/PO
100
_a
Raman Menon, Kunnatheri .
245
_a
Poornakumbham /
_c
Kunnatheri Raman Menon.
_h
Textual Documents
250
_a
1 /
_b
.
300
_a
53 ; .
504
_a
942
_c
BK
999
_c
3979
_d
3979